| 000 | 00000nam##2200000za#4500 |
| 001 | 9.681317 |
| 003 | CaOODSP |
| 005 | 20240212134143 |
| 007 | ta |
| 008 | 150407|2000||||xxc||||| f|0| 0 fre|d |
| 020 | |a0-662-85219-2 |
| 040 | |aCaOODSP|bfre |
| 043 | |an-cn--- |
| 086 | 1 |aNE23-93/2000F |
| 110 | 1 |aCanada. |bOffice national de l'énergie. |
| 245 | 13|aLe marché du gaz naturel au Canada: dynamique et prix |
| 260 | |aCalgary - Alberta : |bOffice national de l'énergie |c2000. |
| 300 | |avii, 63p. : |bfigures, graphiques, références ; |c28 cm. |
| 500 | |a«Le présent ÉMÉ (évaluation du marché de l'énergie)... définit les facteurs influant sur les prix du gaz naturel et décrit le fonctionnement actuel des marchés régionaux au Canada. Elle ne présente pas les perspectives à court terme de l'offre, de la demande et des prix au Canada. L'Office évalue actuellement les approvisionnements de gaz à court terme dans le bassin sédimentaire de l'Ouest canadien et des renseignements supplémentaires à ce sujet seront communiqués dans un proche avenir.»--Avant-propos. |
| 520 | 3 |aLe présent ÉMÉ (évaluation du marché de l'énergie)... définit les facteurs influant sur les prix du gaz naturel et décrit le fonctionnement actuel des marchés régionaux au Canada. Elle ne présente pas les perspectives à court terme de l'offre, de la demande et des prix au Canada. L'Office évalue actuellement les approvisionnements de gaz à court terme dans le bassin sédimentaire de l'Ouest canadien et des renseignements supplémentaires à ce sujet seront communiqués dans un proche avenir.--Avant-propos |
| 563 | |aCouverture souple |
| 590 | |a00-51|b2000-12-29 |
| 691 | 07|aÉnergie|2gcpds |
| 691 | 07|aIndustrie pétrolière|2gcpds |
| 691 | 07|aAnalyse de marché|2gcpds |
| 691 | 07|aPrix|2gcpds |
| 775 | 08|tCanadian natural gas market: dynamics and pricing |w(CaOODSP)9.647934 |
| 776 | 0#|tLe marché du gaz naturel au Canada, dynamique et prix : |w(CaOODSP)9.640109 |